| 000 | 00424nam a2200145Ia 4500 | ||
|---|---|---|---|
| 008 | 210210b2000 xxu||||| |||| 00| 0 eng d | ||
| 020 | _a0 06 043617 4 | ||
| 082 | _a330.028 KELI | ||
| 100 | _aKELEJIAN (Happy H) and OATES (Wallace E). | ||
| 245 | _aIntroduction to econometrics: principles and applications. | ||
| 260 |
_aNY _bHarper & Row Publishers _c2000 |
||
| 300 | _a300 | ||
| 690 | _aEconometrics | ||
| 906 | _aSG00909 | ||
| 999 |
_c112361 _d112361 |
||